000
00314nam a22001337a 4500
008
181019b xxu||||| |||| 00| 0 eng d
020
_a
0306310961
041
_a
eng
080
_a
159.9
100
_a
49
101
_a
PSI
245
_a
Autism A reppraisal Of Concepts Treatment
_c
Rutter.M
942
_2
udc
_c
BK
999
_c
50301
_d
50301